<?xml version="1.0" encoding="UTF-8"?>
<record
    xmlns:xsi="http://www.w3.org/2001/XMLSchema-instance"
    xsi:schemaLocation="http://www.loc.gov/MARC21/slim http://www.loc.gov/standards/marcxml/schema/MARC21slim.xsd"
    xmlns="http://www.loc.gov/MARC21/slim">

  <leader>02489    a2200229   4500</leader>
  <datafield tag="020" ind1=" " ind2=" ">
    <subfield code="a">0471427802</subfield>
  </datafield>
  <datafield tag="020" ind1=" " ind2=" ">
    <subfield code="a">9780471427803</subfield>
  </datafield>
  <datafield tag="082" ind1="0" ind2="4">
    <subfield code="a">380</subfield>
  </datafield>
  <datafield tag="090" ind1=" " ind2=" ">
    <subfield code="c">1044</subfield>
    <subfield code="d">1044</subfield>
  </datafield>
  <datafield tag="100" ind1="1" ind2=" ">
    <subfield code="a">McDaniel, Carl.</subfield>
  </datafield>
  <datafield tag="245" ind1="1" ind2="0">
    <subfield code="a">Market research /</subfield>
    <subfield code="c">Carl McDaniel.</subfield>
  </datafield>
  <datafield tag="250" ind1=" " ind2=" ">
    <subfield code="a">5th ed.</subfield>
  </datafield>
  <datafield tag="260" ind1=" " ind2=" ">
    <subfield code="a">[S.l.] :</subfield>
    <subfield code="b">John Wiley &amp; Sons,</subfield>
    <subfield code="c">2001.</subfield>
  </datafield>
  <datafield tag="300" ind1=" " ind2=" ">
    <subfield code="a">768 p.</subfield>
  </datafield>
  <datafield tag="490" ind1="1" ind2=" ">
    <subfield code="a">Impact of the internet.</subfield>
  </datafield>
  <datafield tag="500" ind1=" " ind2=" ">
    <subfield code="a">Hardcover.</subfield>
  </datafield>
  <datafield tag="520" ind1=" " ind2=" ">
    <subfield code="a">Real Data, Real People, Real Research Experience what it's like to work at the frontlines of the marketing research industry! In Marketing Research, 7th Edition, Carl McDaniel, founder of the University of Texas at Arlington's MS In Marketing Research program, and Roger Gates, a full-time marketing researcher, offer you an engaging, highly entertaining, and thoroughly real look at the field today. Drawing from their own real-life experiences, the authors provide insights into the latest trends, what works and what doesn't, and what separates the good research from the bad. You'll discover how to effectively use marketing research to make critical decisions, learn how to manage people, know what to look for in a marketing research report, and much more. Highlights of the Seventh Edition * Three new data cases are based on real data gathered from a nationwide sample of 2,000 college-aged students from the Survey Sampling International database. Cases include and online dating service, an online student travel service, and a new chain of combination fast food/convenience stores. * A new video on Focus Groups shows college students discussing online dating. * From the Front Line boxes present real-life insights from practicing professionals at Roger Gates's research firm, DSS Research. * A Student Version of SPSS 14.0 is packaged with this text. * SPSS exercises follow each quantitative chapter. Data sets and Excel-based versions of the SPSS exercises are available on the Companion Web Site. * New web quizzes enable students to test their understanding of the material. * Includes many new chapter-opening vignettes, global vignettes, and real-life research cases, based on real companies such as Proctor &amp; Gamble, Starbucks, Swiffer dust mops, Gap, and Coach Handbags.</subfield>
  </datafield>
  <datafield tag="830" ind1=" " ind2="0">
    <subfield code="a">Impact of the internet.</subfield>
  </datafield>
  <datafield tag="856" ind1="4" ind2="0">
    <subfield code="3">Amazon.com</subfield>
    <subfield code="u">http://www.amazon.com/exec/obidos/ASIN/0471427802/chopaconline-20</subfield>
  </datafield>
  <datafield tag="856" ind1="4" ind2="0">
    <subfield code="3">Amazon customer reviews</subfield>
    <subfield code="u">http://www.chopac.org/cgi-bin/tools/azrev.pl?q=0471427802</subfield>
  </datafield>
  <datafield tag="942" ind1=" " ind2=" ">
    <subfield code="a">NBS</subfield>
    <subfield code="c">BK</subfield>
    <subfield code="k">658.89321 MCD</subfield>
  </datafield>
  <datafield tag="999" ind1=" " ind2=" ">
    <subfield code="c">343578</subfield>
    <subfield code="d">343578</subfield>
  </datafield>
  <datafield tag="952" ind1=" " ind2=" ">
    <subfield code="0">0</subfield>
    <subfield code="1">0</subfield>
    <subfield code="4">0</subfield>
    <subfield code="7">0</subfield>
    <subfield code="a">CL</subfield>
    <subfield code="b">CL</subfield>
    <subfield code="d">2013-08-28</subfield>
    <subfield code="l">0</subfield>
    <subfield code="o">658.89321 MCD</subfield>
    <subfield code="p">NBS7707</subfield>
    <subfield code="r">2013-08-28</subfield>
    <subfield code="w">2013-08-28</subfield>
    <subfield code="y">BK</subfield>
  </datafield>
</record>
